| 000 | 00572nam a2200205Ia 4500 | ||
|---|---|---|---|
| 005 | 20250508153300.0 | ||
| 008 | 008 250505s9999 xx 000 0 hin d | ||
| 037 | _aTextual | ||
| 040 |
_aFEDL _beng _cFEDL |
||
| 041 |
_ahin _2hin |
||
| 084 |
_a025.4, TIW _qFEDL |
||
| 100 |
_aTivari Bhaskar Nath _9763609 |
||
| 245 | 0 | _aGranthalya vargikaran key mool siddhant | |
| 260 |
_aBangkok, Thailand _bSahitiya Niketan _c1957 |
||
| 300 | _a101p. | ||
| 365 |
_aINR _b20 |
||
| 650 | _aLibrary Science | ||
| 942 |
_cTEXL _h025.4, TIW |
||
| 999 |
_c1341718 _d1341718 |
||